MDQL
is popping MORE tags! Check the
thread
!
Quizzes
Events
Quiz Creation
Community
Videos
Private Events
Remove Ads
Sign In
Join for FREE
Feedback
Dark Mode
Quiz Categories
Sports
Geography
Music
Movies
Television
Just For Fun
Miscellaneous
History
Literature
Language
Science
Gaming
Entertainment
Religion
Holiday
For Kids
Quiz Lab
Recent
Popular Today
Quiz Kudos Today
Editor Picks
Curator Picks
Quizzes by...
Day
Popularity
Type
Ratings
Length
Year
Community
Subscriptions
Recent Discussions
Orange Saloon
Badges
Playlists
Quests
Create
Leaderboards
Showdown
Live 5
Trivia Bingo
Activity
Puzzle Library
Sporcle Events
Private Events
Virtual Trivia
Globe League
Become a Host
Pub Owners
SporcleCon
Opinionation
Our Games
Videos
Blog
Mobile Apps
Partnerships
Remove Ads and Go Orange
Feedback
Sports
Athletes
MLB
NBA
NHL
NFL
Soccer
Sports Teams
WWE
NCAA
Football
Premier League
Basketball
Baseball
Hockey
Golf
Tennis
Cricket
Rugby
Auto Racing
Olympics
World Cup
Sports
Athletes
MLB
NBA
NHL
NFL
Soccer
Sports Teams
WWE
NCAA
Football
Premier League
Basketball
Baseball
Hockey
Golf
Tennis
Cricket
Rugby
Auto Racing
Olympics
World Cup
Random Quiz
Search Sporcle
×
Quiz Lab
Quiz Lab
Sports
Football
Type in answers that appear in a list
Type in answers that appear in a list
Classic
Best Score? Go Orange.
Top-Flight European Clubs Stats
Can you name the clubs in Europe's top six leagues?
By
Redlightclaret
10m
114 Questions
151 Plays
151 Plays
151 Plays
Comments
Comments
Give Quiz Kudos
Give Quiz Kudos
-
- Ratings
hide this ad
Replay
Link that replays current quiz
Next Quiz
Link to next quiz in quiz playlist
You Got
0%
They Got
Avg Score
52%
Avg Friend Score
Upgrade to see
Score Distribution
Jump to the score distribution portion of the page
Score
0/114
Timer
10:00
0
Plays Today
League
Club
% Correct
La Liga
Real Madrid
90.1%
La Liga
Barcelona
89.4%
Premier League
Chelsea
86.1%
Premier League
Liverpool
86.1%
Premier League
Manchester City
86.1%
Premier League
Arsenal
85.4%
Premier League
Manchester United
85.4%
La Liga
Atlético Madrid
84.1%
Premier League
Everton
82.1%
Premier League
Tottenham Hotspur
80.1%
Bundesliga
Bayern Munich
80.1%
Serie A
Internazionale
80.1%
La Liga
Sevilla
79.5%
La Liga
Valencia
78.1%
Premier League
Aston Villa
78.1%
Bundesliga
Borussia Dortmund
78.1%
Serie A
Milan
78.1%
Serie A
Juventus
77.5%
Premier League
Newcastle United
76.2%
La Liga
Athletic Bilbao
75.5%
Premier League
West Ham United
74.8%
Serie A
Roma
74.2%
Ligue 1
Paris Saint-Germain
74.2%
Premier League
Fulham
72.8%
Premier League
Southampton
72.2%
Serie A
Lazio
70.9%
Premier League
Norwich City
69.5%
Premier League
Sunderland
69.5%
Serie A
Napoli
69.5%
Ligue 1
Lyon
69.5%
Ligue 1
Marseille
69.5%
Primeira Liga
Benfica
69.5%
Primeira Liga
Porto
68.9%
Primeira Liga
Sporting Lisbon
68.9%
Premier League
West Bromwich Albion
68.2%
La Liga
Espanyol
66.2%
Premier League
Stoke City
66.2%
La Liga
Deportivo La Coruña
65.6%
League
Club
% Correct
Serie A
Fiorentina
64.9%
Bundesliga
Schalke 04
64.2%
Bundesliga
Werder Bremen
64.2%
La Liga
Málaga
63.6%
Premier League
Swansea City
62.9%
Ligue 1
Lille
62.9%
Premier League
Queens Park Rangers
62.3%
Bundesliga
Hamburg
62.3%
Bundesliga
Bayer Leverkusen
61.6%
La Liga
Real Betis
60.9%
Bundesliga
Wolfsburg
60.9%
La Liga
Getafe
58.3%
Premier League
Reading
58.3%
Serie A
Sampdoria
57.6%
Serie A
Udinese
57.6%
La Liga
Real Sociedad
57%
Serie A
Torino
57%
La Liga
Osasuna
56.3%
Serie A
Palermo
56.3%
Ligue 1
Bordeaux
56.3%
Primeira Liga
Sporting Braga
56.3%
Bundesliga
Borussia Mönchengladbach
55.6%
Serie A
Atalanta
55.6%
Bundesliga
Stuttgart
55%
Ligue 1
Montpellier
54.3%
La Liga
Celta Vigo
53.6%
Premier League
Wigan Athletic
53.6%
Serie A
Parma
53.6%
Serie A
Genoa
53%
La Liga
Mallorca
50.3%
Serie A
Bologna
50.3%
Bundesliga
Hannover 96
49.7%
Ligue 1
Toulouse
49.7%
Ligue 1
Nice
49%
Ligue 1
Saint-Étienne
47.7%
Bundesliga
Eintracht Frankfurt
47%
Serie A
Cagliari
47%
Serie A
Chievo
47%
League
Club
% Correct
La Liga
Levante
45%
Ligue 1
Rennes
45%
La Liga
Real Zaragoza
42.4%
Bundesliga
1. FSV Mainz 05
41.7%
Bundesliga
1899 Hoffenheim
40.4%
Ligue 1
Nancy
39.7%
La Liga
Rayo Vallecano
39.1%
Bundesliga
Freiburg
38.4%
Serie A
Catania
37.7%
Bundesliga
Augsburg
37.1%
Ligue 1
Ajaccio
36.4%
Ligue 1
Sochaux
36.4%
La Liga
Granada
35.1%
Bundesliga
1. FC Nuremberg
35.1%
Ligue 1
Reims
33.1%
Ligue 1
Valenciennes
31.8%
Ligue 1
Lorient
29.1%
Serie A
Siena
28.5%
Ligue 1
Brest
28.5%
Ligue 1
Evian Thonon Gaillar
27.8%
Ligue 1
Bastia
25.8%
La Liga
Real Valladolid
25.2%
Bundesliga
Fortuna Düsseldorf
23.2%
Bundesliga
SpVgg Greuther Fürth
20.5%
Primeira Liga
Marítimo
20.5%
Ligue 1
Troyes
19.9%
Primeira Liga
Rio Ave
19.2%
Primeira Liga
Académica
18.5%
Serie A
Pescara
16.6%
Primeira Liga
Nacional
15.9%
Primeira Liga
Estoril
12.6%
Primeira Liga
Paços de Ferreira
9.3%
Primeira Liga
Beira-Mar
8.6%
Primeira Liga
Moreirense
6.6%
Primeira Liga
Olhanense
6%
Primeira Liga
Gil Vicente
4.6%
Primeira Liga
Vitória de Guimarães
4.6%
Primeira Liga
Vitória de Setúbal
4.6%
Quiz Playlist
Details
Report
Send in Message
Add To Playlist
Classic:
Type in answers that appear in a list
Quiz Source
Last Updated: Feb 16, 2017
Quiz Scoreboard
CHALLENGE
Sign Up to Join the Scoreboard
Show All
Scores
Hide
Comments
May contain spoilers
Recently Published
Holiday 10x10 Sorting Gallery
by lukepisani3
Holiday
15m
Two Season TV Shows II
by 123Four
Television
10m
Image Sorting: Flags VI
by Barbecue
Geography
2m
More to Explore
Quiz From the Vault
Featured Blog Post
14 Easter Pick-up Lines to Find Eggs With
hide this ad
You Might Also Like...
Tags
Football Quiz
Premier League Quiz
Soccer Quiz
bundesliga
European Football
Europe Clubs
La Liga
Ligue 1
Serie A
Today's Top Quizzes in Sports
Browse Sports
hide this ad
Today's Top Quizzes in Football
Browse Football
Top Contributed Quizzes in Sports
1
Les meilleurs buteurs des matchs entre le PSG et l’OM
2
Les entraîneurs de l'OM et du PSG au 21e siècle
3
2022 World Cup Stars
4
Les joueurs passés par le PSG et l'OM
5
Players with Multiple 50 Home Run Seasons
6
FIFA Club World Cup Champions
7
Criteria MLB: Left Handed Sluggers
8
Les joueurs passés par le LOSC et le RC Lens
9
Top 10 NHL Goal Scorers of All Time
10
NBA Logic Puzzle 2.0
Explore More
Trending Topics
Disney
Harry Potter
Kpop
Marvel
Crossword
Anime
NBA
Country
Song
The Office
NFL
WWE
Puzzle
Soccer
Pokémon
hide this ad
More By:
Redlightclaret
Quiz
Plays
Rating
Category
Featured
Created
Top-Flight European Clubs
151
5.00
Sports
Dec 4, 2012
Go to Creator's Profile
Score Distribution
Quiz Creator Spotlight
Redlightclaret
Follow
Send a Message
Quizzes Created
-
Created Quiz Play Count
-
More By This Creator
Popular Quizzes Today
1
Find the US States - No Outlines Minefield
2
Colored Red Africa Blitz
3
Find the 'City' Movie
4
The Countries of the World
5
5x2 Blitz: Bands
6
Find the Countries of Europe - No Outlines Minefield
7
Find the US States
8
US States
More Sports Quizzes
Pun-tastic Matchups
Published
Trending Quizzes
Colored Red Europe Blitz I
Colored Red Africa Blitz II
Colored Red Europe Blitz II
Even More Two Season TV Shows
Colored Red Africa Blitz III
Recently Updated
Odd Team Out - Big 4 Players
pecheneg
Quick Pick: 20 Twenties
pecheneg
March Madness Men's Triple Doubles
pecheneg
How Do You Spell That?
pecheneg
Godzilla Movies
pecheneg
Grab Bag: 4-10 Letters
pecheneg
2024 March Madness Bracket
pecheneg
Famous TV Couples
Peacemaker
Champions League XIs: Real Madrid
pecheneg
Largest US Cities 1790-2010
pecheneg
Trending Topics
Kpop
Disney
Crossword
Marvel
Harry Potter
NBA
Anime
Song
Soccer
Country
NFL
Puzzle
The Office
Pokémon
WWE
Your Account Isn't Verified!
In order to create a playlist on Sporcle, you need to verify the email address you used during registration. Go to your
Sporcle Settings
to finish the process.
Report this User
Report this user for behavior that violates our
Community Guidelines
.
Details:
Send Report
Go to the Sporcle.com Mobile Site →
Comments